000 00241nam a2200109Ia 4500
005 20251222152041.0
008 251222s9999||||xx |||||||||||||| ||spa||
082 _a550.85/I61
245 0 _aPresente y futuro
264 _bLpenza
942 _cLIB
999 _c26045
_d26045